000 01032cam a2200277 a 4500
999 _c65190
_d65190
001 1633293
003 ARRUPE
005 20170720094308.0
008 960216s1997 njua b 000 0 eng
010 _a 96006794
020 _a0134508262
040 _aDLC
_cDLC
_dDLC
043 _ae------
050 0 0 _aB804
_b.T8845 1996
082 0 0 _a190/.9/04
_220
245 0 0 _aTwentieth century continental philosophy /
_cedited, with an introduction by Todd May.
260 _aUpper Saddle River, N.J. :
_bPrentice Hall,
_cc1997.
300 _axi, 321 p. :
_bill. ;
_c23 cm.
504 _aIncludes bibliographical references (p. 319-321).
650 0 _aContinental philosophy.
_933450
700 1 _aMay, Todd,
_d1955-
_933446
906 _a7
_bcbc
_corignew
_d1
_eocip
_f19
_gy-gencatlg
942 _2lcc
_cMONOGRAPH